| Tag |
First Indicator |
Second Indicator |
Subfields |
| LEADER |
00000cam a2200000 4500 |
| 001 |
in00000065024 |
| 005 |
20151008051215.0 |
| 008 |
730327s1966 ilu b 00000 eng u |
| 010 |
|
|
|a 66012453
|
| 035 |
|
|
|a (OCoLC)00588324
|
| 035 |
|
|
|9 AAG6442AM
|
| 040 |
|
|
|c DEF
|d TXA
|d UtOrBLW
|
| 049 |
|
|
|a TXAM
|c [466791]
|
| 050 |
|
0 |
|a RC439
|b .V25
|
| 082 |
0 |
|
|a 362.21
|
| 092 |
|
|
|a 362.21
|b V129d
|
| 100 |
1 |
|
|a Vail, David J.
|
| 245 |
1 |
0 |
|a Dehumanization and the institutional career /
|c by David J. Vail. With a foreword by Louis Miller.
|
| 264 |
|
1 |
|a Springfield, Ill. :
|b C. C. Thomas,
|c [1966]
|
| 300 |
|
|
|a xxvii, 266 pages ;
|c 24 cm.
|
| 336 |
|
|
|a text
|b txt
|2 rdacontent
|
| 337 |
|
|
|a unmediated
|b n
|2 rdamedia
|
| 338 |
|
|
|a volume
|b nc
|2 rdacarrier
|
| 504 |
|
|
|a Bibliography: pages 258-262.
|
| 650 |
|
0 |
|a Psychiatric hospitals.
|
| 650 |
|
0 |
|a Public institutions.
|
| 999 |
|
|
|a MARS
|
| 999 |
f |
f |
|s afd5a7dc-0832-353d-82f0-853e76eb760a
|i c725ebbc-d12e-366d-8136-7061e43346ab
|t 0
|
| 952 |
f |
f |
|p ric
|a Texas A&M University
|b Rellis Campus
|c Joint Library Facility
|d Remote Storage
|t 0
|e RC439 .V25
|h Library of Congress classification
|i unmediated -- volume
|m A14800810046
|
| 998 |
f |
f |
|a RC439 .V25
|t 0
|l Remote Storage
|